| 000 | 00543nam a2200181Ia 4500 | ||
|---|---|---|---|
| 001 | 7899 | ||
| 005 | 20260306160529.0 | ||
| 008 | 260306t2012||||xx |||||||||||||| ||spa|| | ||
| 041 | _aESP | ||
| 082 |
_a363.7 _bG36 |
||
| 100 |
_aConcurso de Investigaciones IGRACC _eAUT |
||
| 245 | 0 |
_aII Concurso de Investigaciones IGRACC 2007-2008: _bgenerando capacidades para la gestión del riesgo y adaptación al cambio climático |
|
| 260 | _c2012 | ||
| 300 |
_a347 páginas : _c24 cm. |
||
| 650 | _aGEN | ||
| 654 | _aCAN | ||
| 942 |
_cLIB _dJUS _fJUS _2ddc _n |
||
| 999 |
_c7899 _d7899 |
||